[Event "Vårturnering 2022"]
[Site "Ås, Viken NOR"]
[Date "2022.05.12"]
[Round "4"]
[White "Furnes, Torstein"]
[Black "Samset, Jon"]
[Result "1-0"]
[WhiteElo "1758"]
[BlackElo "1370"]
[Annotator "Furnes, Torstein"]
[PlyCount "65"]
[EventDate "2022.04.21"]

1. d4 d5 2. c4 e5 {Albins motgambit ! Ble spilt første gang mellom Cavollotti
og Salvioli i Milano 1881. Men åpningen er oppkalt etter Albin som spilte
dette som svart mot Emanuel Lasker i New York i 1893.} 3. cxd5 ({Det mest
spilte er} 3. dxe5 d4 4. Nf3 ({Hvit må unngå} 4. e3 $2 Bb4+ 5. Bd2 dxe3 {og nå
må hvit for all del ikke gå i den kjente Lasker-fellen:} 6. Bxb4 $4 exf2+ 7.
Ke2 (7. Kxf2 $4 Qxd1) 7... fxg1=N+ $3 ({Det er viktig at bonden forvandles til
springer, fordi etter} 7... fxg1=Q $2 8. Qxd8+ Kxd8 9. Rxg1 $11 {slipper hvit
unna.}) 8. Ke1 (8. Rxg1 $4 Bg4+) 8... Qh4+ 9. Kd2 Nc6 $19 {og svart vinner})
4... Nc6) 3... Qxd5 4. e3 Bb4+ 5. Bd2 Nc6 6. dxe5 ({Bedre er} 6. Bxb4 Nxb4 7.
Qa4+ Nc6 8. Nc3 Qd7 9. d5 Nce7 10. Nb5 $18) 6... Qxe5 7. Nc3 Nf6 8. Nf3 Qe7 9.
Bb5 O-O 10. Bxc6 bxc6 11. O-O Ba6 12. Re1 Rad8 13. Qa4 Bxc3 ({Etter} 13... Bb5
{må hvit ikke finne på å ta a-bonden:} 14. Qxa7 $4 {da dronningen dermed blir
fanget} (14. Nxb5 Bxd2 15. Nxd2 cxb5 16. Qc2 $11) 14... Bc5 $1 15. Qb7 (15. Qa5
Ra8) 15... Rb8) 14. Bxc3 Bb5 15. Qxa7 Ra8 16. Qd4 c5 17. Qh4 Ra4 18. Qg5 Kh8
19. h4 ({Stockfish foreslår} 19. Nd4 $1 cxd4 20. Qxb5 Rfa8 21. exd4) 19... Rd8
20. h5 Rd5 $2 {Mister offiser.} 21. Bxf6 Qxf6 22. Qxd5 Bc6 23. Qxc5 Ra8 24. Qe5
Qd8 25. Red1 Qc8 26. h6 f6 27. Qe7 Qg8 28. hxg7+ Qxg7 29. Rd8+ Rxd8 30. Qxd8+
Qg8 31. Qxf6+ Qg7 32. Qxg7+ Kxg7 33. Rc1 1-0

[Event "Vårturnering 2022"]
[Site "Ås, Viken NOR"]
[Date "2022.05.12"]
[Round "4"]
[White "Simonsen, Steinar"]
[Black "Innset-Ekkje, Amandus"]
[Result "0-1"]
[WhiteElo "1513"]
[BlackElo "1110"]
[PlyCount "78"]
[EventDate "2022.04.21"]

1. e4 c5 2. Nf3 Nc6 3. Bc4 e6 4. O-O a6 5. d4 b5 6. d5 Na7 7. Be2 Bb7 8. dxe6
dxe6 9. Re1 Bxe4 10. Bxb5+ Nxb5 11. Qxd8+ Rxd8 12. a4 Nd4 13. Nxd4 Rxd4 14. Be3
Rd8 15. Nc3 Bxc2 16. Rac1 Bg6 17. Ne2 Rc8 18. b3 Nf6 19. Nc3 Be7 20. Ne2 O-O
21. h3 Nd5 22. Bd2 Rb8 23. Nc3 Nxc3 24. Rxc3 Bf6 25. Rxc5 Rxb3 26. Rc6 Ra8 27.
Rec1 Rbb8 28. a5 h6 29. Be3 Be4 30. Rc7 Be5 31. Rd7 Rd8 32. Rxd8+ Rxd8 33. f3
Bg6 34. Bb6 Bd4+ 35. Kh2 Bxb6 36. axb6 Rb8 37. Rc6 Kf8 38. b7 Rxb7 39. Rxa6 Rb2
0-1

[Event "Vårturnering 2022"]
[Site "Ås, Viken NOR"]
[Date "2022.05.12"]
[Round "4"]
[White "Andersen, Odd"]
[Black "Lea, Per"]
[Result "0-1"]
[WhiteElo "1697"]
[BlackElo "1699"]
[Annotator "Lea,Per"]
[PlyCount "96"]
[EventDate "2022.04.21"]

1. e4 e5 2. Bc4 Nc6 3. c3 Nf6 4. d3 Bc5 5. Nf3 O-O 6. O-O d6 7. h3 h6 8. Re1
Be6 9. Bb5 a6 10. Ba4 b5 11. Bc2 Bd7 12. d4 Bb6 13. Be3 Rb8 14. Nbd2 b4 15. Nf1
bxc3 16. bxc3 Ba5 17. Bd2 Bb6 18. Be3 Ba5 19. Qd3 Qc8 20. Ng3 Re8 21. Rab1 Rxb1
22. Rxb1 exd4 23. Nxd4 Ne5 24. Qe2 Bxc3 25. Ndf5 Bb5 $2 (25... Ng6 $11) 26. Qd1
Kh7 27. f4 Nc4 28. Bc1 $2 (28. a4 $18) 28... g6 29. Nh4 Ba5 30. a4 Bc6 ({
Svart burde lagt inn} 30... Bb6+ 31. Kh2 {først}) 31. Qd4 Bb6 32. Rxb6 Nxb6
33. Qxf6 Qe6 34. Qd4 Qc4 35. Qxc4 ({Hvit burde beholdt dronningene på brettet:
} 35. Qd2 $16) 35... Nxc4 36. Bb3 d5 37. Kf2 Rb8 $15 38. Bc2 dxe4 $2 (38... Rb4
$15) (38... Nb2 $15) 39. Nxe4 $11 Bxe4 40. Bxe4 Rb4 41. Bd5 Nd6 42. Nf3 Ne4+
43. Bxe4 Rxe4 44. a5 Ra4 45. Bd2 f6 46. Ke3 Kg7 47. Nd4 Kf7 48. Nb5 $4 {
Total black-out, trolig en kombinasjon av trøtthet (klokka var i ferd med å
bikke 23:00) og tidsnød (hvit ca. 7 minutter, svart ca. 9 minutter). Noen
raske etteranalyser konkluderte med at stillingen var vunnet for hvit: bonden
på a6 lar seg ikke gardere i lengden, og løperen og springeren samarbeider
om å lose a-bonden i mål.} (48. Nc6 Ke6 49. Nb8 Kd6 50. Nxa6 c5 51. Kd3 h5
52. h4 Ra2 {og det ser ut til at springeren bare blir stående i veien for
bonden}) 48... axb5 0-1

[Event "Vårturnering 2022"]
[Site "Ås, Viken NOR"]
[Date "2022.05.12"]
[Round "4"]
[White "Skaret, Runar"]
[Black "Petersen, Rune J"]
[Result "1-0"]
[WhiteElo "1265"]
[BlackElo "1174"]
[Annotator "Skaret, Runar"]
[PlyCount "140"]
[EventDate "2022.04.21"]

1. b3 {kommentert av runar & stockfish & torstein} d5 2. Bb2 Nf6 {er det bra å
lage en dobbeltbonde på f6 for svart?} 3. Bxf6 {nei sier stockfish. -1,1} exf6
{gxf6 er litt bedre. -0,5} 4. Nf3 Be7 5. e3 O-O 6. d4 c6 7. Nbd2 Be6 8. Rb1 {
planlegger c4, tanken er at dette tårnet får en liten godbit etter dxc4 bxc4.
stockfish liker det ikke og vil heller spille c2 direkte. alternativt feks a3
for å fikse svakhetene jeg har på den svarte diagonalen ned mot kongen. -1,0}
Nd7 9. a4 {jeg innser at jeg er svak på de svarte feltene og at a-bonden blir
veldig svak om svart dronning kommer. men stockfish er fortsatt ikke fornøyd.
-1,1} f5 {beste trekk i stillinga. åpner for feks Sf6} 10. Bd3 Nf6 11. O-O {
feks c3 var bedre. -1,8} Ne4 {truer Sc3 gaffel} 12. Qe1 {dårlig valg, feks Dc1
er bedre. Nå blir hesten bundet etter Lb4. -2,3. jeg har flaks at ikke
stillingen min er enda dårligere etter å ha tillatt svart å komme inn på de
svarte feltene slik} Bb4 13. c4 Qa5 14. Rb2 Bc3 {godt tenkt. stockfish ville
heller Lxd2 Sxd2 og så setter dronninga her. -0,9} (14... Bxd2 15. Nxd2 Qc3 {
gaffel mot L og T}) 15. Ra2 Qb4 16. Qd1 {Dc1 er bedre. dette åpner for svart
Lxd2 med påfølgende Sc3 gaffel mot T og D. -1,6} Nxd2 {men ikke så lett å se.
-0,8} 17. Nxd2 Bxd2 {kun c5 var bra for svart her for å opprettholde presset.
+0,5} 18. Rxd2 {stockfish ville heller ta med dronning og håpe på avbytte..
jeg tenkte at jeg da mister en bonde ved Dxb3, men jeg kan da spille c5 og så
Tb1 og fange svarts D. -0,2} dxc4 19. bxc4 Bxc4 20. Bxc4 Qxc4 {etter alle
avbyttene er alle L og S borte fra bordet og med en bonde under må jeg spille
nøyaktig for å holde remis. -0,1} 21. Qb1 {d5 er bedre. -0,6} b6 {Dxa4 var
bedre. 0,0} 22. a5 {nå fikk jeg mulighet til å ødelegge bondekjeden} bxa5 23.
Qxf5 a4 24. Ra1 Rab8 25. Rc2 Qb5 26. Qc5 Qxc5 27. Rxc5 Rb6 28. Ra5 Rfb8 29. g4
Rb1+ 30. Rxb1 Rxb1+ 31. Kg2 {gradvis forbedring av hvits stilling. +0,5} Rb7 {
stockfish ønsket å beskytte bonden som var lengst fremme. +1,6} 32. Rxa4 g6 33.
f4 f5 34. gxf5 gxf5 35. Ra5 Rg7+ {stockfish frykter at hvits konge skal komme
med. +3,3} 36. Kf3 Rf7 37. Rc5 Rf6 38. Ra5 Rf7 39. Ra6 {somler bort et tempo
for hvit konge. +1,8} Rc7 {nå er det veldig viktig at jeg fytter h-bonden men
jeg ser ikke hvorfor det er så mye viktigere nå enn feks forrige trekk} 40. Ke2
{tårnmanøverne min har gjort at svart nå kan pushe c-bonden. +0,2} h5 {Ta5 gir
+6,1} 41. Kd3 {+2,7} (41. Ra5 Rf7 42. h4 Kf8 {svarts problem er at han her
ikke klarer både å forsvare bøndene og samtidig få kongen sin i spill} 43. Re5
{dette feks}) 41... h4 42. h3 {Ta5 var fortsatt best selv om h-bonden var
kommet veldig langt. +0,3} Kf7 43. Kc4 Ke7 44. Ra5 Ke6 45. Re5+ Kf6 46. Kc5 a5
47. Kd6 {stillingen er nå helt lik. +0,0} Ra7 48. Kxc6 a4 49. Kb6 Ra8 50. Kb7
Rg8 51. Ra5 Rg3 52. Rxa4 Rxh3 53. d5 Rxe3 54. Ra6+ Kg7 55. d6 Rd3 56. Kc7 Rc3+
57. Rc6 Rxc6+ 58. Kxc6 h3 59. d7 h2 60. d8=Q h1=Q+ 61. Kd6 Qd1+ 62. Ke7 Qxd8+
63. Kxd8 {sluttspilldatabaser fastslår at dette bondesluttspillet er teoretisk
remis.} Kf6 64. Kd7 Kg6 65. Ke6 Kh5 $18 {Men nå var} (65... Kg7 $11 {eneste
trekk som holder remis. F.eks.} 66. Kxf5 Kf7 67. Ke5 Ke7 68. f5 Kf7 69. f6 Kf8
70. Ke6 Ke8 71. f7+ Kf8 72. Kf6 $11) 66. Kxf5 Kh4 67. Ke6 Kh5 68. f5 Kh6 69.
Ke7 Kh7 70. f6 Kh8 1-0

[Event "Vårturnering 2022"]
[Site "Ås, Viken NOR"]
[Date "2022.06.02"]
[Round "5"]
[White "Brenden, Torbjørn"]
[Black "Furnes, Torstein"]
[Result "1/2-1/2"]
[WhiteElo "1587"]
[BlackElo "1758"]
[Annotator "Furnes, Torstein"]
[PlyCount "62"]
[EventDate "2022.04.21"]

1. d4 d5 2. Bf4 Nf6 3. e3 e6 4. Nf3 Bd6 5. Bg3 O-O 6. Bd3 c5 7. c3 c4 8. Bc2 b5
9. Bxd6 Qxd6 10. O-O Bb7 11. Nbd2 Nbd7 12. Re1 a5 13. e4 dxe4 14. Nxe4 Qf4 15.
Qe2 Rfe8 16. Qe3 Qc7 17. Nxf6+ Nxf6 18. Ne5 Qd6 19. a3 Qd5 20. Qh3 b4 21. Re3
b3 22. Bd1 Qb5 23. Bf3 (23. Bh5) 23... Bxf3 24. Rxf3 Ra7 25. Re1 Qd5 $4 $18 (
25... Nd5) 26. Qh4 ({Her hadde hvit mulighet til å vinne forsert med
offerspill:} 26. Rxf6 $3 gxf6 27. Qh6 $3 fxe5 28. Re3 {og eneste trekk som
hindrer umiddelbar matt er} Qe4 29. Rxe4 f5 30. Rxe5 $18) 26... a4 27. Rg3 (27.
Rxf6 $3 {fungerer fortsatt. F.eks.} gxf6 28. Re3 Kf8 (28... fxe5 29. Qh6) 29.
Qxf6 $18) 27... Kh8 28. Qg5 ({Også her foreslår Stockfish vinnende kombinasjon
ved å ofre tårnet:} 28. Rxg7 $3 Kxg7 29. Qg5+ Kf8 30. Qxf6 $18) 28... Rg8 29.
Rh3 Rf8 30. Rg3 ({Ved å få med også det andre tårnet, blir angrepet snart
avgjørende:} 30. Ree3 $18) 30... Rg8 31. Rh3 Rf8 1/2-1/2

[Event "Vårturnering 2022"]
[Site "Ås, Viken NOR"]
[Date "2022.06.02"]
[Round "5"]
[White "Samset, Jon"]
[Black "Heien, Aksel"]
[Result "0-1"]
[WhiteElo "1370"]
[BlackElo "1303"]
[Annotator "Lea,Per"]
[PlyCount "116"]
[EventDate "2022.04.21"]

1. e4 d6 2. Nf3 e5 3. Bc4 Be7 4. O-O Nf6 5. Nc3 O-O 6. d4 exd4 7. Nxd4 Nxe4 8.
Bxf7+ ({Etter} 8. Nxe4 d5 9. Bd3 dxe4 10. Bxe4 {beholder hvit løperparet og
har en ørliten fordel i kraft av bedre plasserte brikker}) 8... Rxf7 9. Nxe4 d5
10. Ng3 c5 11. Nf3 Bg4 12. Qd3 c4 13. Qe3 Bxf3 14. gxf3 Nc6 {I løpet av få
trekk har svart opparbeidet seg en klar fordel} 15. Bd2 Qd7 16. Kg2 d4 17. Qe4
Bc5 18. Qh4 Raf8 (18... Ne5 19. f4 Ng6 20. Qh3 Qd5+ 21. Kg1 Nxf4 22. Bxf4 Rxf4
{er enda sterkere}) 19. Ne4 Be7 20. Bg5 Qf5 21. Bxe7 Qxf3+ 22. Kg1 Rf4 {Ser
veldig naturlig ut: svart har kanskje tenkt at etter at dronninga flyttes,
følger Tg4 med matt eller dronningvinst. Men hvit har en morsom "svindel" på
gang!} (22... Rxe7 23. Ng5 Qf5 {hadde beholdt den store fordelen}) 23. Qxh7+ $1
Kxh7 24. Ng5+ Kg8 25. Nxf3 Nxe7 (25... Rg4+ 26. Kh1 Rxf3 {er nok bedre, men
intuitivt virker det jo fornuftig å ta hvits løper i stedet for springer}) 26.
Nd2 b5 27. Rae1 Nf5 28. Re4 Rxe4 29. Nxe4 Re8 30. Re1 Nd6 31. f3 Nxe4 32. Rxe4
$2 {Å ha et dårlig sluttspill med bare bønder, er som regel håpløst tapt, mens
dårlige tårnsluttspill, selv med bonde under, gir gode remissjanser} ({Derfor
var} 32. fxe4 {definitivt å foretrekke}) 32... Rxe4 33. fxe4 {Nå har hvit 3
bondeøyer, mens svart har 2, pluss langt framskredne bønder. Stockfish
vurderer stillingen som lett vunnet for svart.} Kf7 34. Kf1 Ke6 35. Ke2 Ke5 36.
Kf3 d3 {Holder til seier} ({;Men} 36... b4 {var enda mer overbevisende}) 37.
cxd3 cxd3 38. Ke3 d2 39. Kxd2 Kxe4 40. Kc3 a5 $4 {Kaster hele fordelen
overbord, men hvit griper ikke sjansen} 41. b3 ({Både} 41. h4) ({og} 41. a4 {
er remis. Men at begge trår feil, viser bare det paradoksale at
bondesluttspill er noe av det aller vanskeligste i sjakk.}) 41... g5 42. a4
bxa4 43. bxa4 Kd5 44. Kb3 Kd4 45. Kb2 Kd3 46. Kb3 g4 47. Kb2 {En enkel telling
viser at svart får ny dronning etter 7 trekk, mens hvit trenger 9 trekk. Med
svart i trekket ville det enkleste derfor være å spise h-bonden med en gang:}
Kc4 (47... Ke2 48. Kc3 Kf2 49. Kc4 Kg2 50. Kb5 Kxh2 51. Kxa5 g3 52. Kb5 (52.
Kb6 g2 53. a5 g1=Q+ 54. Kb7 Qc5 55. a6 Qb5+ 56. Ka7 Kg3 {og a-bonden faller})
52... g2 53. a5 g1=Q 54. a6 Qa7 {og hvit kan aldri komme videre}) 48. Ka3 Kc3
49. Ka2 Kb4 50. Kb2 Kxa4 51. Kc2 Kb4 52. Kb2 Kc4 53. Ka3 Kd3 54. Ka4 Ke2 {Når
den hvite a-bonden er forsvunnet behøver ikke svart en gang å telle for å se
at det er lett vinst} 55. Kxa5 Kf2 56. Kb4 Kg2 57. Kc3 Kxh2 58. Kd3 g3 0-1

[Event "Vårturnering 2022"]
[Site "Ås, Viken NOR"]
[Date "2022.06.09"]
[Round "6"]
[White "Heien, Aksel"]
[Black "Furnes, Torstein"]
[Result "0-1"]
[WhiteElo "1303"]
[BlackElo "1758"]
[Annotator "Furnes, Torstein"]
[PlyCount "64"]
[EventDate "2022.04.21"]

1. e4 c5 2. d4 cxd4 3. Qxd4 Nc6 4. Qd3 e5 5. Nc3 Nf6 6. Bg5 Be7 7. f4 h6 8.
Bxf6 Bxf6 9. Nd5 ({Svart står trangt etter} 9. f5 $14) 9... exf4 10. Nxf4 $2
$19 {Den avgjørende feilen. Svart vinner nå to bønder.} ({Stockfish vil spille
} 10. O-O-O $11) 10... Bxb2 11. Rb1 Qa5+ 12. Kf2 Qxa2 13. Rd1 Nb4 (13... Bd4+ {
er sterkere. F.eks.} 14. Kg3 Be5 15. Kf3 Nd4+ 16. Kf2 Bxf4 17. Qxd4 Qxc2+) 14.
Qd2 Qa3 15. Nd5 Nxd5 16. Qxd5 Qc3 17. Bd3 Qd4+ 18. Ke2 Qxd5 19. exd5 O-O 20.
Nf3 a5 21. Bc4 a4 22. Ba2 b5 23. Kf2 b4 24. Rhe1 Ba6 25. Re7 d6 26. Rd7 Rfd8
27. Rxd8+ Rxd8 28. Nd4 Bxd4+ 29. Rxd4 Rc8 30. Rd2 Bc4 31. Bxc4 Rxc4 32. Ke2 a3
0-1

[Event "Vårturnering 2022"]
[Site "Ås"]
[Date "2022.06.09"]
[Round "6"]
[White "Simonsen, Steinar"]
[Black "Skaret, Runar"]
[Result "1-0"]
[WhiteElo "1513"]
[BlackElo "1265"]
[Annotator "Skaret, Runar"]
[PlyCount "63"]
[EventDate "2022.??.??"]

1. e4 {analyse av stockfish & runar} e6 2. d4 d5 3. e5 {french advance
variation} c5 4. Nf3 Nc6 5. Bb5 a6 6. Bxc6+ bxc6 7. O-O cxd4 8. Nxd4 Bb7 9. Nc3
{stockfish liker åpningen til svart. -0,9} Bb4 {men dette trekket skjønte
fisken ikke noe av. pc5 eller Dc7 var bedre. +1,3} 10. Bd2 {Sa4 var bedre. +0,0
} Ne7 {igjen var pc5 bedre. +1,8} 11. Nce2 {hvit kunne igjen ha spilt Sa4.
Eventuelt Se4, fulgt av for eksempel ..pxe4 Sxb4 eller ..Sxd2 Nxd2. -0,9} Ba5 {
skulle ha byttet av med Sxd2. +0,1} 12. c3 {Lxa5 var bedre. -0,7. Det svinger
mye her. Jeg tror det handler om at hvit kan komme inn i svarts stilling, og
hvis jeg klarer å hindre det så står jeg litt bedre} Ng6 {Lc7 eller o-o var
bedre. +0,1} 13. Nf4 $1 {nå slår steinar til. har han bukket bonden på e5
eller har han en plan?} Nxe5 {jeg tenker meg lenge om og ser at Sh5 ikke er
særlig farlig (+1,0 iflg stockfish så jeg hadde ikke helt rett), så jeg tar
denne bonden +3,4} 14. Re1 {steinar fyller på med brikker mot kongen min, men
jeg har ikke skjønt det enda, og det er uansett allerede en tapende stilling.}
Ng6 {rokade var det minst dårlig trekket her. vi tenkte på om Lc2 kunne ha
reddet situasjonen men det ville det ikke. +7,6} 15. Nfxe6 $1 {dette er
trekket jeg ikke hadde tenkt på. steinar ofrer en hest. jeg trodde man skulle
være snill mot dyrene jeg.} fxe6 16. Nxe6 Qd7 17. Nc5+ Kd8 18. Nxd7 Kxd7 19.
Qg4+ Kc7 20. Bf4+ Kb6 21. Be3+ Kc7 22. Qg3+ Kd7 23. Qg4+ Kc7 24. Qg3+ Kd7 25.
Bc5 Bc7 26. Qg4+ Kd8 27. Qg5+ Kd7 28. Qf5+ Kd8 29. Qg5+ Kd7 30. Qf5+ Kd8 31.
Qf7 Be5 32. Qxb7 {[%eval 32746,0] svart gir opp.} 1-0

[Event "Vårturnering 2022"]
[Site "Ås, Viken NOR"]
[Date "2022.06.09"]
[Round "6"]
[White "Petersen, Rune J"]
[Black "Samset, Jon"]
[Result "0-1"]
[WhiteElo "1174"]
[BlackElo "1370"]
[PlyCount "92"]
[EventDate "2022.04.21"]

1. d4 d5 2. Nf3 Nf6 3. e3 a6 4. Nc3 g6 5. Be2 Bg7 6. O-O O-O 7. Bd2 Bf5 8. Na4
Nbd7 9. b4 b6 10. Nb2 Ne4 11. c3 e5 12. Nd3 Re8 13. dxe5 Nxe5 14. Ndxe5 Bxe5
15. Nxe5 Rxe5 16. f4 Re8 17. Bf3 Qh4 18. Be1 Qh6 19. Qxd5 Rad8 20. Qb3 Nd2 21.
Bxd2 Rxd2 22. c4 Rd3 23. Qb2 g5 24. Bc6 Qxc6 25. fxg5 Qg6 26. Qf6 Qxf6 27. gxf6
Bg6 28. c5 bxc5 29. bxc5 Rc3 30. Rfe1 Rxc5 31. Rac1 Rxc1 32. Rxc1 Rc8 33. Re1
h5 34. e4 c5 35. e5 c4 36. e6 fxe6 37. Rxe6 Kf7 38. Rxa6 c3 39. Ra7+ Kxf6 40.
Ra6+ Kg7 41. Ra7+ Kh6 42. Ra6 c2 43. g4 c1=Q+ 44. Kg2 Rc2+ 45. Kh3 Qf1+ 46. Kg3
Qf2+ 0-1

[Event "Vårturnering 2022"]
[Site "Ås, Viken NOR"]
[Date "2022.06.16"]
[Round "7"]
[White "Heien, Aksel"]
[Black "Simonsen, Steinar"]
[Result "1-0"]
[WhiteElo "1303"]
[BlackElo "1513"]
[PlyCount "123"]
[EventDate "2022.04.21"]

1. e4 e5 2. Nf3 Nc6 3. Bc4 d6 4. Nc3 Be6 5. Bb5 Nge7 6. d4 a6 7. Bxc6+ bxc6 8.
dxe5 dxe5 9. Qxd8+ Rxd8 10. Nxe5 f6 11. Nf3 Bg4 12. Nd2 Ng6 13. f3 Be6 14. O-O
Bc5+ 15. Kh1 O-O 16. Nb3 Bd6 17. Be3 Ne5 18. Bc5 Bxb3 19. Bxd6 cxd6 20. axb3
Ra8 21. h3 f5 22. f4 Nd7 23. exf5 Rxf5 24. Ne4 d5 25. g4 Rff8 26. Nc3 Nc5 27.
b4 Ne6 28. f5 Nd4 29. Rf2 Rfb8 30. Na2 a5 31. Rd1 Nb5 32. c3 Nc7 33. Re2 h6 34.
Rf1 axb4 35. Nxb4 c5 36. Nd3 c4 37. Nc5 Rb5 38. Ne6 Ne8 39. Rfe1 Rab8 40. Nd4
Rxb2 41. Rxe8+ Rxe8 42. Rxe8+ Kf7 43. Re2 Rb1+ 44. Kg2 Rc1 45. Re3 Ra1 46. Re5
Ra2+ 47. Kf3 Ra3 48. Ne2 d4 49. Nxd4 Rxc3+ 50. Re3 Rc1 51. Ke4 Kf6 52. Ne2 Rc2
53. Kd4 Kg5 54. Nc3 Kf4 55. Re7 Rh2 56. Rxg7 Rxh3 57. f6 Rh4 58. f7 h5 59.
f8=Q+ Kg3 60. Ne4+ Kh3 61. Qf3+ Kh2 62. Qg3+ 1-0

[Event "Vårturnering 2022"]
[Site "Ås, Viken NOR"]
[Date "2022.06.16"]
[Round "7"]
[White "Samset, Jon"]
[Black "Innset-Ekkje, Amandus"]
[Result "1-0"]
[WhiteElo "1370"]
[BlackElo "1110"]
[PlyCount "81"]
[EventDate "2022.04.21"]

1. e4 c5 2. b4 d6 3. Nf3 Bg4 4. Bb5+ Nd7 5. O-O a6 6. Be2 Ngf6 7. d3 g6 8. Bg5
Bg7 9. c3 cxb4 10. Nd4 Bxe2 11. Qxe2 bxc3 12. Nxc3 Qa5 13. Rac1 Qxg5 14. Rfe1
Qc5 15. Nd5 Qxd4 16. Nc7+ Kf8 17. Nxa8 Nc5 18. Rc4 Qe5 19. d4 Qxe4 20. dxc5
Qxe2 21. Rxe2 d5 22. Rb4 Bh6 23. Rxb7 Kg7 24. Rexe7 Rxa8 25. Rxf7+ Kg8 26. Rxf6
Re8 27. h4 d4 28. Rd6 Bf4 29. Kf1 Bxd6 30. cxd6 Rd8 31. d7 Kf7 32. Ke2 Ke7 33.
Kd3 Rxd7 34. Rxd7+ Kxd7 35. Kxd4 Kd6 36. f4 h6 37. g4 a5 38. Kc4 Kc6 39. f5 g5
40. h5 Kb6 41. f6 1-0

[Event "Vårturnering 2022"]
[Site "Ås, Viken NOR"]
[Date "2022.06.16"]
[Round "7"]
[White "Skaret, Runar"]
[Black "Andersen, Odd"]
[Result "0-1"]
[WhiteElo "1265"]
[BlackElo "1697"]
[Annotator "Skaret, Runar"]
[PlyCount "66"]
[EventDate "2022.04.21"]

1. b3 {analysert av runar & stockfish} e5 {Nimzovich-Larsen Attack, Modern
Variation 0,0} 2. Bb2 Nc6 3. e3 d5 4. Nf3 {stockfish likte kun Lb5. -0,5} Bd6 {
e4 var litt bedre. -0,1} 5. d3 {Igjen Lb5 bedre. -0,6} Be6 {feks Sf6 var bedre.
-0,0} 6. Be2 f5 7. Nbd2 {jeg hadde ikke lyst å rokere her, men stockfish sier
det var det beste trekket} Nf6 8. a3 Qe7 9. b4 a6 10. c4 dxc4 11. dxc4 b6 {e4
var bedre. +0,8} 12. Qc2 (12. c5 bxc5 13. bxc5 Bxc5 14. Qa4 Bd7 15. Bb5 {+0,7})
12... e4 {+0,3} 13. Nd4 {-0,7} (13. O-O {her kunne jeg latt svart ta hesten min
} exf3 14. Bxf3 {fordi jeg da sPidder hesten til svart}) 13... Nxd4 14. Bxd4 {
å ta med p eller L her car hiPP som haPP iflg stockfish} c5 15. Bxf6 Qxf6 16.
Rb1 cxb4 17. axb4 O-O 18. O-O Qe5 {feks Tfc8 var litt bedre. Dh6 hadde vært +0,
1.0,0} 19. g3 a5 {+2,5} 20. bxa5 {+0,5} (20. c5 {dette hadde vært det beste
trekket, men var ikke lett å se} bxc5 21. Nc4 {hvis ..Lxc4 Lxc4+ kan jeg følge
med b5} Qf6 22. bxa5 Bc7 23. Rb5 {+4,1}) 20... bxa5 21. Rb5 Qf6 22. Qa4 $4 {en
liten bukk. -0,9} Bd7 23. Qb3 {jeg så ikke noen bedre vei enn dette -2,7} (23.
c5 {stockfish vil heller dytte denne bonden og la svart ta tårnet for løperen}
Bxc5 {for hvis svart tar bonden så kommer hvit unna} (23... Bxb5 24. Bxb5 {-1,1
} Bxc5 {svart kan fortsatt ikke ta bonden. +0,3} 25. Qc4+ Kh8 26. Qxc5) 24.
Qb3+ {dette kunne vært en bedre måte å forsvare stillingen} Kh8 25. Rxc5) 23...
Bxb5 24. cxb5+ Kh8 25. Qa4 Qc3 26. Nb3 {-3,5} (26. Nc4 Qb4 27. Qa2 a4 28. Nb6
Ra7 29. Rb1 {i følge stockfish kunne jeg holdt partiet i live med denne
varianten, men tjah, jeg ser ikke hvorfor en ubeskyttet hest på b6 skal hjelpe
meg. -0,8}) 26... Qb4 {og herfra ser jeg ingen måte å stoPPe a-bonden fra å
komme frem} 27. Qxb4 Bxb4 28. Nd4 a4 29. Nc6 Bc3 30. Bc4 a3 31. b6 {feks Tc1
eller La2 litt bedre, men taper det også. -6,5} Rac8 32. b7 Rxc6 33. Ba2 Rb6 {
hvit gir opp. -9,5} 0-1

[Event "Høstturneringen 2021"]
[Site "Ås, Viken NOR"]
[Date "2021.10.28"]
[Round "1"]
[White "Samset, Jon"]
[Black "Kielland-Lund, Jon"]
[Result "1-0"]
[WhiteElo "1357"]
[BlackElo "1733"]
[PlyCount "53"]

1. e4 c6 2. Nc3 d5 3. Nf3 Bg4 4. h3 Bxf3 5. Qxf3 Nf6 6. exd5 cxd5 7. Bb5+ Nc6
8. O-O e6 9. d3 Be7 10. Qg3 O-O 11. Ne2 Rc8 12. c3 a6 13. Ba4 b5 14. Bc2 d4 15.
Bg5 e5 16. f4 exf4 17. Bxf4 Nh5 18. Qg4 Nxf4 19. Rxf4 Bd6 20. Rf2 Be5 21. Bb3
dxc3 22. bxc3 Qxd3 23. Rxf7 Kh8 24. Raf1 Qd6 25. Bc2 Rcd8 26. Qf5 g6 27. Rxf8+
1-0

[Event "Høstturneringen 2021"]
[Site "Ås, Viken NOR"]
[Date "2021.10.28"]
[Round "1"]
[White "Bakken, Svein-Erik"]
[Black "Petersen, Rune J"]
[Result "1-0"]
[WhiteElo "1590"]
[BlackElo "1170"]
[PlyCount "51"]
[EventDate "2021.10.28"]

1. d4 d5 2. c4 Nf6 3. Nc3 e6 4. Nf3 Bb4 5. Bg5 Bxc3+ 6. bxc3 Nbd7 7. e3 b6 8.
cxd5 exd5 9. Bb5 O-O 10. Bc6 Ba6 11. Bxd5 Rc8 12. Qa4 Nb8 13. Bc4 Bxc4 14. Qxc4
Nbd7 15. O-O Re8 16. Rfe1 c5 17. Qb3 c4 18. Qc2 Qc7 19. e4 Qb7 20. Nd2 h6 21.
Bh4 g5 22. Bg3 Re7 23. e5 Rce8 24. Nxc4 Qd5 25. Ne3 Ne4 26. Nxd5 1-0